000
00283nam a22001337a 4500
003
SGT
082
_a
615.53
_b
M12S
100
_a
SHASTRI, BRAHASANKAR
245
_a
MADHAWANIDANAM
260
_a
VARANASI
_b
CHAUKHAMBHA PUB
_c
2012
300
_a
411
650
_a
AYURVEDA
942
_2
ddc
_c
BK
999
_c
8353
_d
8353